• 首页
  • 本馆介绍
  • 公告通知
  • 最新文献
  • 馆藏检索
  • 电子资源
  • 读者导购
  • 参考咨询
  • 我的图书馆
  • 登录
  • 详细信息显示
  • 放入我的书架
  • 预约/预借图书
  • 作者相关作品
  • 分类相关作品
  • 丛书相关作品
  • 出版社相关作品

书目信息

  • 表格格式
  • 工作单格式
  • 卡片格式
题名:
晶体管与晶体管放大电路
    
 
作者: 周琼鉴 , 孙肖子 编
分册: 下册  
出版信息: 北京   国防工业出版社  1979
页数: 376页
开本: 26cm
丛书名:
单 册:
中图分类: TN710.2
科图分类:
主题词: 电子电路 , 晶体管放大器
电子资源:
ISBN:
000 00681nam0 2200241 45
001 0179005931
005 20060725090945.65
010    @dCNY2.45
091    @aCN@b15034.1948
100    @a19950728d1979 em y0chiy0121 ea
101 0  @achi
102    @aCN@b110000
105    @ay z 000yy
200 10 @a晶体管与晶体管放大电路@Ajing ti guan yu jing ti guan fang da dian lu@h下册@f周琼鉴,孙肖子编
210    @a北京@c国防工业出版社@d1979
215    @a376页@d26cm
606    @a电子电路
606    @a晶体管放大器
690    @aTN710.2@v3
701  0 @a周琼鉴@Azhou qiong jian@4编
701  0 @a孙肖子@Asun xiao zi@4编
801  0 @aCN@bTSSF@c20060725
905    @a10447@dTN710.2@e185:2
    
    晶体管与晶体管放大电路.下册/周琼鉴,孙肖子编.-北京:国防工业出版社,1979
    376页;26cm
    
    
    ISBN :CNY2.45
    
●
相关链接 在E读中查询图书 在五车中查询图书 在当当中查询图书 在豆瓣中查询图书


正题名:晶体管与晶体管放大电路     索取号:TN710.2/185:2         预约/预借

序号 登录号 条形码 馆藏地/架位号 状态 备注
1 0437576   204375764   密集书库/ [索取号:TN710.2/185:2] 在馆    
2 0438355   204383559   密集书库/ [索取号:TN710.2/185:2] 在馆    
唐山师范学院图书馆 欢迎您!
大连网信软件有限公司© 版权所有